| 000 | 00561nam a2200241Ia 4500 | ||
|---|---|---|---|
| 003 | OSt | ||
| 005 | 20221007101916.0 | ||
| 006 | a|||||r|||| 00| 0 | ||
| 007 | ta | ||
| 008 | 221006b |||||||| |||| 00| 0 eng d | ||
| 024 | _a8,785 | ||
| 037 | _cBound Volume | ||
| 040 |
_aLCO _cLCO _beng |
||
| 041 |
_2eng _aeng |
||
| 082 | _aZm2,N94, L4 | ||
| 245 | 0 | _aALL INDIA REPORTER, 1994, Bombay & Calcutta | |
| 260 | _c1994 | ||
| 300 | _a656 | ||
| 490 | _v81 | ||
| 650 | _aAIR | ||
| 942 |
_hZm2,N94, L4 _cCR |
||
| 999 |
_c1178348 _d1178348 |
||